000 00722nam a2200217 a 4500
001 000015104
005 20250207101102.0
008 100201s2006 dr 000 p spa d
040 _aDO-SdBNP
_bspa
_cBNPHU
082 _aRD861.44
_bT266p
100 1 _aTejera, Eduardo J
_b1947-
_910749
245 1 0 _aPoemas de mi propio otoño /
_cEduardo J. Tejera.
260 _aSanto Domingo :
_bFDEE
_bECD,
_c2006.
300 _a104 p. ;
_c18 cm.
590 _aInventariado, 2019/LP
650 0 _aPoesía dominicana
_966
650 0 _aLiteratura dominicana.
_967
710 2 _aFundación Dominicana de Estudios Económicos
_934190
710 2 _aEditorial Contemporánea Dominicana
_934191
910 _aValidado. Control de calidad MFF
999 _c14676
_d14676